<?xml version="1.0" encoding="UTF-8"?>
<record
    xmlns:xsi="http://www.w3.org/2001/XMLSchema-instance"
    xsi:schemaLocation="http://www.loc.gov/MARC21/slim http://www.loc.gov/standards/marcxml/schema/MARC21slim.xsd"
    xmlns="http://www.loc.gov/MARC21/slim">

  <leader>02203nam a22003134a 4500</leader>
  <controlfield tag="001">494</controlfield>
  <controlfield tag="003">BR-RjBN</controlfield>
  <controlfield tag="005">20260129100230.0</controlfield>
  <controlfield tag="008">121113s2011    spb    g      000 f por  </controlfield>
  <datafield tag="020" ind1=" " ind2=" ">
    <subfield code="a">9788580410266</subfield>
  </datafield>
  <datafield tag="040" ind1=" " ind2=" ">
    <subfield code="b">por</subfield>
  </datafield>
  <datafield tag="041" ind1="1" ind2=" ">
    <subfield code="a">por</subfield>
    <subfield code="h">eng</subfield>
  </datafield>
  <datafield tag="082" ind1="0" ind2="4">
    <subfield code="a">813</subfield>
    <subfield code="b">H835m</subfield>
  </datafield>
  <datafield tag="100" ind1=" " ind2=" ">
    <subfield code="a">Houck, Colleen,</subfield>
    <subfield code="d">1969-</subfield>
    <subfield code="9">1066</subfield>
  </datafield>
  <datafield tag="240" ind1="0" ind2="0">
    <subfield code="a">Tiger's curse.</subfield>
  </datafield>
  <datafield tag="245" ind1="1" ind2="2">
    <subfield code="a">A maldi&#xE7;&#xE3;o do tigre /</subfield>
    <subfield code="c">Colleen Houck ; [tradu&#xE7;&#xE3;o: Raquel Zampil]</subfield>
  </datafield>
  <datafield tag="260" ind1=" " ind2=" ">
    <subfield code="a">S&#xE3;o Paulo :</subfield>
    <subfield code="b">Arqueiro,</subfield>
    <subfield code="c">2011.</subfield>
  </datafield>
  <datafield tag="300" ind1=" " ind2=" ">
    <subfield code="a">344p. ;</subfield>
  </datafield>
  <datafield tag="500" ind1=" " ind2=" ">
    <subfield code="a">

</subfield>
  </datafield>
  <datafield tag="520" ind1=" " ind2=" ">
    <subfield code="a">Kelsey Hayes perdeu os pais recentemente e precisa arranjar um emprego para custear a faculdade. Contratada por um circo, ela &#xE9; arrebatada pela principal atra&#xE7;&#xE3;o: um lindo tigre branco. Kelsey sente uma forte conex&#xE3;o com o misterioso animal de olhos azuis e, tocada por sua solid&#xE3;o, passa a maior parte do seu tempo livre ao lado dele. O que a jovem &#xF3;rf&#xE3; ainda n&#xE3;o sabe &#xE9; que seu tigre Ren &#xE9; na verdade Alagan Dhiren Rajaram, um pr&#xED;ncipe indiano que foi amaldi&#xE7;oado por um mago h&#xE1; mais de 300 anos, e que ela pode ser a &#xFA;nica pessoa capaz de ajud&#xE1;-lo a quebrar esse feiti&#xE7;o. Determinada a devolver a Ren sua humanidade, Kelsey embarca em uma perigosa jornada pela &#xCD;ndia, onde enfrenta for&#xE7;as sombrias, criaturas imortais e mundos m&#xED;sticos, tentando decifrar uma antiga profecia. Ao mesmo tempo, se apaixona perdidamente tanto pelo tigre quanto pelo homem. A maldi&#xE7;&#xE3;o do tigre &#xE9; o primeiro volume de uma saga fant&#xE1;stica e &#xE9;pica, que apresenta mitos hindus, lugares ex&#xF3;ticos e personagens sedutores. Lan&#xE7;ado originalmente como e-book, o livro de estreia de Colleen Houck ficou sete semanas no primeiro lugar da lista de mais vendidos da Amazon, entrando depois na do The New York Times. "Um romance delicado e uma aventura capaz de deixar o cora&#xE7;&#xE3;o a mil por hora. Eu vibrei e ro&#xED; as unhas. A maldi&#xE7;&#xE3;o do tigre &#xE9; m&#xE1;gico!" (Becca Fitzpatrick, autora da s&#xE9;rie Sussurro)


</subfield>
  </datafield>
  <datafield tag="650" ind1="0" ind2="0">
    <subfield code="a">Literatura Americana</subfield>
    <subfield code="9">84</subfield>
  </datafield>
  <datafield tag="650" ind1="0" ind2="0">
    <subfield code="a">Aventura</subfield>
    <subfield code="9">47</subfield>
  </datafield>
  <datafield tag="650" ind1="0" ind2="0">
    <subfield code="a">Fantasia</subfield>
    <subfield code="9">45</subfield>
  </datafield>
  <datafield tag="650" ind1="0" ind2="0">
    <subfield code="a">Magia</subfield>
    <subfield code="9">785</subfield>
  </datafield>
  <datafield tag="655" ind1=" " ind2=" ">
    <subfield code="a">Romance</subfield>
    <subfield code="9">23</subfield>
  </datafield>
  <datafield tag="655" ind1=" " ind2=" ">
    <subfield code="a">Fic&#xE7;&#xE3;o</subfield>
    <subfield code="9">22</subfield>
  </datafield>
  <datafield tag="700" ind1=" " ind2=" ">
    <subfield code="a">Zampil, Raquel</subfield>
    <subfield code="e">TRADUTORA</subfield>
    <subfield code="9">898</subfield>
  </datafield>
  <datafield tag="942" ind1=" " ind2=" ">
    <subfield code="2">ddc</subfield>
    <subfield code="n">0</subfield>
    <subfield code="c">BK</subfield>
  </datafield>
  <datafield tag="952" ind1=" " ind2=" ">
    <subfield code="0">0</subfield>
    <subfield code="1">0</subfield>
    <subfield code="2">ddc</subfield>
    <subfield code="4">0</subfield>
    <subfield code="7">0</subfield>
    <subfield code="8">FIC</subfield>
    <subfield code="a">BIBIB</subfield>
    <subfield code="b">BIBIB</subfield>
    <subfield code="c">LE</subfield>
    <subfield code="d">2026-01-29</subfield>
    <subfield code="e">doa&#xE7;&#xE3;o</subfield>
    <subfield code="l">0</subfield>
    <subfield code="o">813 / H835m</subfield>
    <subfield code="p">2026-17428</subfield>
    <subfield code="r">2026-01-29 07:43:27</subfield>
    <subfield code="w">2026-01-29</subfield>
    <subfield code="y">BK</subfield>
  </datafield>
  <datafield tag="999" ind1=" " ind2=" ">
    <subfield code="c">494</subfield>
    <subfield code="d">494</subfield>
  </datafield>
</record>
